000 01153na a2200313 4500
001 12683
003 MIRAKIL
005 20181213154737.0
008 170515b tu 000 0
020 _a9786056599651
035 _a12683
040 _aMilas
_btur
_cTR-AnCHP
041 _atur
082 _a269.2
_bK86e 2016
090 _a269.2 K86e 2016
100 _aKurtoğlu, Ramazan
245 _aEvanjelizm
_bTanrı'yı kıyamete zorlamak
_cRamazan Kurtoğlu
246 _aTanrı'yı kıyamete zorlamak
260 _aİstanbul
_bAsi Kitap
_c2016
_fBarış matbaacılık
300 _a556 s.
_c23 sm.
440 _aAsi kitap
_n16
490 _aAraştırma dizisi
_v10
490 _aAraştırma
_v10
504 _aKaynakça var.
505 _aEvanjelizm ve Armagedon savaşı; Şii İslam'da mehdi ve kıyamet ; yeni dünya düzeni ve büyük ortadoğu projesi ; ABD'DE amerikan Yahudileri ve İsrail ; Ezoterik örgütler ve kemikçiler; Türkiye ve yaklaşan kaos; Evanjelistler, Nuh'un gemisi, Ağrı dağı ve Ermeniler; sonuç: Türkiye'nin milli güvenliği
650 _aDin ve siyaset
650 _aEvanjelizm
942 _2dcc
_cBKS
999 _c186
_d186